<?xml version="1.0" encoding="UTF-8"?>
<record
    xmlns:xsi="http://www.w3.org/2001/XMLSchema-instance"
    xsi:schemaLocation="http://www.loc.gov/MARC21/slim http://www.loc.gov/standards/marcxml/schema/MARC21slim.xsd"
    xmlns="http://www.loc.gov/MARC21/slim">

  <leader>01097ndm a22002415i 4500</leader>
  <controlfield tag="001">C00069537c</controlfield>
  <controlfield tag="005">20241029151428.0</controlfield>
  <controlfield tag="008">150622s1931    xx sgz   |     n    ita d</controlfield>
  <datafield tag="035" ind1=" " ind2=" ">
    <subfield code="a">CCPB001221432-9</subfield>
  </datafield>
  <datafield tag="040" ind1=" " ind2=" ">
    <subfield code="a">CCPB-AB </subfield>
    <subfield code="b">spa </subfield>
    <subfield code="c">CCPB-AB </subfield>
    <subfield code="e">rdc</subfield>
  </datafield>
  <datafield tag="100" ind1="1" ind2=" ">
    <subfield code="a">Gastaldon, Stanislao (</subfield>
    <subfield code="d">1861-1939)</subfield>
    <subfield code="9">22525</subfield>
  </datafield>
  <datafield tag="245" ind1="1" ind2="0">
    <subfield code="a">Musica Proibita [</subfield>
    <subfield code="h">M&#xFA;sica notada manuscrita] </subfield>
    <subfield code="b">: melod&#xED;a, op. 5 /</subfield>
    <subfield code="c">m&#xFA;sica di S. Gastaldon ; parole di Flick-Flock.</subfield>
  </datafield>
  <datafield tag="260" ind1=" " ind2=" ">
    <subfield code="c">1931.</subfield>
  </datafield>
  <datafield tag="300" ind1=" " ind2=" ">
    <subfield code="a">1 partitura (5 p.) ; </subfield>
    <subfield code="c">31 cm.</subfield>
  </datafield>
  <datafield tag="500" ind1=" " ind2=" ">
    <subfield code="a">Copia manuscrita de la edici&#xF3;n: "A. &amp; G. Carish &amp; C. Editori Milano; c. 1750; Tutti i diritti d'autore sone riservati", reproduciendo todas las indicaciones musicales de interpretaci&#xF3;n.</subfield>
  </datafield>
  <datafield tag="594" ind1=" " ind2=" ">
    <subfield code="a">T&#xED;tulo y menci&#xF3;n de responsabilidad tomados de cabecera.</subfield>
  </datafield>
  <datafield tag="596" ind1=" " ind2=" ">
    <subfield code="a">Fecha tomada de la p. 5: "C-25-3-931"</subfield>
  </datafield>
  <datafield tag="650" ind1=" " ind2="4">
    <subfield code="a">Canciones con piano.</subfield>
    <subfield code="9">6553</subfield>
  </datafield>
  <datafield tag="700" ind1="1" ind2=" ">
    <subfield code="a">Gastaldon, Stanislao (</subfield>
    <subfield code="d">1861-1939), </subfield>
    <subfield code="e">letrista.</subfield>
    <subfield code="9">22525</subfield>
  </datafield>
  <datafield tag="852" ind1=" " ind2=" ">
    <subfield code="a">M-RABA,     </subfield>
    <subfield code="j">M-8183 --     </subfield>
    <subfield code="z">Anotaci&#xF3;n manuscrita a l&#xE1;piz en cabecera: "(ver E. Caruso)"</subfield>
  </datafield>
  <datafield tag="952" ind1=" " ind2=" ">
    <subfield code="0">0</subfield>
    <subfield code="1">0</subfield>
    <subfield code="4">0</subfield>
    <subfield code="7">0</subfield>
    <subfield code="8">MUSICA</subfield>
    <subfield code="a">RABASF</subfield>
    <subfield code="b">RABASF</subfield>
    <subfield code="c">DP1</subfield>
    <subfield code="d">2020-03-16</subfield>
    <subfield code="l">0</subfield>
    <subfield code="o">M-8183</subfield>
    <subfield code="p">1074020</subfield>
    <subfield code="r">2024-10-15 09:55:02</subfield>
    <subfield code="w">2024-10-15</subfield>
    <subfield code="y">PARTAM</subfield>
  </datafield>
  <datafield tag="999" ind1=" " ind2=" ">
    <subfield code="c">65987</subfield>
    <subfield code="d">65987</subfield>
  </datafield>
</record>
